| 000 | 00404nam a22001457a 4500 | ||
|---|---|---|---|
| 005 | 20250903093209.0 | ||
| 008 | 250903b |||||||| |||| 00| 0 eng d | ||
| 020 | _a9780800715304 | ||
| 050 | _a9780800715304 | ||
| 100 | _aWYNN J. C. | ||
| 245 |
_aTHE THERAPIST; _bWHAT PASTORS AND COUNSELORS ARE LEARNING |
||
| 260 |
_aNEW JERSEY _bFLEMING H. REVELL COMPANY _cc1961 |
||
| 300 | _a320p | ||
| 942 |
_2lcc _cBK _n0 |
||
| 999 |
_c7441 _d7441 |
||